=LDR 00000nam 2200000 4500 =001 INLIS000000000050355 =005 20170502081348 =035 ##$$a 0010-0517000008 =007 ta =008 170502###########################0###### =020 ##$$a 978 - 602 - 6348 - 48 - 7 =082 ##$$a 634.6 =084 ##$$a 634.6 ELI p =100 #$$a Elisa, Rahma =245 1#$$a Panenen rupiah dengan budidaya buah naga /$c Rahma Elisa =250 ##$$a Cet.1 =260 ##$$a Yogyakarta :$b Akar Publishing,$c 2016 =300 ##$$a 108 hlm. : $b Ilus ; $c 20, 5 cm. =650 ##$$a Buah Naga - Tanaman Tropis =990 ##$$a 76287628 =990 ##$$a 76287628 =990 ##$$a 31700521 =990 ##$$a 02201707628 =990 ##$$a 31700522 =990 ##$$a 31700521